000 00908nam0a22002411 4500
001 rc\898325
005 20250622034003.0
035 _a(NLR Aleph) 006074411
090 _a5033295
_c5033295
100 _a20041129d1983 |||y0rusy50 ca
101 0 _arus
102 _aRU
105 _aa |||||||||
200 1 _aНизкочастотный аппаратный массаж
_eМетод. рекомендации
_fКом. по физ. культуре и спорту при Совете Министров СССР, ВНИИ физ. культуры
_g[Подгот. к. п. н. Е.П. Соков, инж. В.Л. Потоцкий]
210 _aМ.
_cЦООНТИФиС
_d1983
215 _a32 с.
_cил.
_d20
320 _aБиблиогр.: с. 32
333 _aДСП. Экз. № 297
801 0 _aRU
_bNLR
_gpsbo
801 1 _aRU
_bELAR
_2rusmarc
852 _aNLR
_j84-50К/2550
942 _cBOOK
980 _aNB